Houses in multiple occupation (Record no. 103861)

MARC details
000 -LEADER
fixed length control field 01362cad a22002655a 4500
001 - CONTROL NUMBER
control field E128048
008 - FIXED-LENGTH DATA ELEMENTS--GENERAL INFORMATION
fixed length control field 000000s2004 xxk s000 0 eng u
020 ## - INTERNATIONAL STANDARD BOOK NUMBER
International Standard Book Number 0755942418
035 ## - SYSTEM CONTROL NUMBER
System control number (Sirsi) u128048
041 ## - LANGUAGE CODE
Language code of text/sound track or separate title eng
050 04 - LIBRARY OF CONGRESS CALL NUMBER
Classification number 306.109411
110 2# - MAIN ENTRY--CORPORATE NAME
Corporate name or jurisdiction name as entry element Scottish Executive
9 (RLIN) 3811
245 00 - TITLE STATEMENT
Title Houses in multiple occupation
Remainder of title a guide for landlords
Medium [electronic resource]
260 ## - PUBLICATION, DISTRIBUTION, ETC.
Place of publication, distribution, etc. Edinburgh
Name of publisher, distributor, etc. Scottish Executive
Date of publication, distribution, etc. 2004
300 ## - PHYSICAL DESCRIPTION
Extent 27p.
Dimensions 30cm.
520 ## - SUMMARY, ETC.
Summary, etc. If you let shared accommodation or share your home with people who are not members of your family, it may be a house in multiple occupation (HMO), and you may need a licence. This book will tell you about the licensing system Part 1 will help you to work out whether your property is an HMO, and needs a licence. Part 2 will tell you how to apply and what it involves. Part 3 outlines the kind of standards you will need to meet to get a licence.
650 ## - SUBJECT ADDED ENTRY--TOPICAL TERM
Topical term or geographic name entry element CIVIC GOVERNMENT (SCOTLAND) ACT 1982
650 ## - SUBJECT ADDED ENTRY--TOPICAL TERM
Topical term or geographic name entry element HOUSES IN MULTIPLE OCCUPATION
650 ## - SUBJECT ADDED ENTRY--TOPICAL TERM
Topical term or geographic name entry element LOCAL AUTHORITIES
650 ## - SUBJECT ADDED ENTRY--TOPICAL TERM
Topical term or geographic name entry element MANDATORY LICENSING
651 #4 - SUBJECT ADDED ENTRY--GEOGRAPHIC NAME
Geographic name Scotland
Chronological subdivision 1999-
690 ## - LOCAL SUBJECT ADDED ENTRY--TOPICAL TERM (OCLC, RLIN)
Topical term or geographic name as entry element PROPERTY-RESIDENTIAL PROPERTY-DOMESTIC RESIDENTIAL PROPERTY-HOUSING
856 41 - ELECTRONIC LOCATION AND ACCESS
Uniform Resource Identifier <a href="https://www.aberdeencity.gov.uk/web/files/nc_HMO/hmo_landlords.pdf">https://www.aberdeencity.gov.uk/web/files/nc_HMO/hmo_landlords.pdf</a>
Public note View the booklet free of charge at www.aberdeencity.gov.uk...
942 ## - ADDED ENTRY ELEMENTS (KOHA)
Suppress in OPAC 0
Holdings
Withdrawn status Lost status Source of classification or shelving scheme Damaged status Not for loan Home library Current library Shelving location Date acquired Total Checkouts Full call number Barcode Date last seen Copy number Price effective from Koha item type
    Dewey Decimal Classification     Virtual Virtual Online 12/11/2008   ONLINE PUBLICATION 128048-2001 06/08/2019 1 06/08/2019 Book